Diffuse relativistic plasmas (Record no. 18391)

MARC details
000 -LEADER
fixed length control field 00886nam a2200217Ia 4500
003 - CONTROL NUMBER IDENTIFIER
control field IN-BaIIA
008 - FIXED-LENGTH DATA ELEMENTS--GENERAL INFORMATION
fixed length control field 211028s9999 xx 000 0 eng d
040 ## - CATALOGING SOURCE
Transcribing agency IIA Library
080 ## - UNIVERSAL DECIMAL CLASSIFICATION NUMBER
Universal Decimal Classification number 533.9(082.2)
Item number DIF
111 ## - MAIN ENTRY--MEETING NAME
Meeting name or jurisdiction name as entry element International Conference on Diffuse Relativistic Plasmas
Location of meeting Bangalore
Date of meeting or treaty signing 2011 Mar. 1-4
9 (RLIN) 35276
245 #0 - TITLE STATEMENT
Title Diffuse relativistic plasmas
Remainder of title proceedings of the international conference held at Raman Research Institute, Bangalore, March 1-4, 2011
Statement of responsibility, etc. edited by K. S. Dwarakanath...[et al.]
260 ## - PUBLICATION, DISTRIBUTION, ETC.
Place of publication, distribution, etc. Bangalore
Name of publisher, distributor, etc. Indian Academy of Sciences
Date of publication, distribution, etc. 2012
300 ## - PHYSICAL DESCRIPTION
Extent [various pagings.]
650 ## - SUBJECT ADDED ENTRY--TOPICAL TERM
Topical term or geographic name entry element Cosmic evolution-Congresses
9 (RLIN) 35277
650 ## - SUBJECT ADDED ENTRY--TOPICAL TERM
Topical term or geographic name entry element Plasma physics-Congresses
9 (RLIN) 32667
700 ## - ADDED ENTRY--PERSONAL NAME
Personal name Dwarakanath, K. S., ed.
9 (RLIN) 35278
700 ## - ADDED ENTRY--PERSONAL NAME
Personal name Rudnick, Lawrence, ed.
9 (RLIN) 35279
700 ## - ADDED ENTRY--PERSONAL NAME
Personal name Udaya Shankar, N., ed.
9 (RLIN) 35280
700 ## - ADDED ENTRY--PERSONAL NAME
Personal name Venturi, Tiziana, ed.
9 (RLIN) 35281
942 ## - ADDED ENTRY ELEMENTS (KOHA)
Koha item type Books
Holdings
Withdrawn status Lost status Damaged status Not for loan Home library Current library Shelving location Date acquired Total Checkouts Full call number Barcode Date last seen Price effective from Koha item type
        IIA Library-Bangalore IIA Library-Bangalore General Stacks 03/10/2012   533.9(082.2)/ DIF 19313 05/11/2021 03/10/2012 Books

Powered by Koha